000 00587nam a2200217Ia 4500
005 20241129120116.0
008 241129s9999||||xx |||||||||||||| ||und||
020 _a9789811240669
037 _aTB
040 _aSDCL
_beng
_cSDCL
041 _aeng
_2eng
084 _aB28931, R4
_qSDCL
100 _aD'Acunto Berardino
_9729159
245 0 _aMATLAB for Engineering
260 _aSingapore
_bWorld Scientific Publication
_c2024
300 _axi,315p.
365 _aINR
_b1595
650 _aElectronic Science
942 _cTB
_hB28931, R4
999 _c1233379
_d1233379